Atlas sveta

Enregistré dans:
Détails bibliographiques
Format: Carte
Langue:slovaque
Publié: Bratislava : Slovenská kartografia, 1983
Édition:12. vyd.
Tags: Ajouter un tag
Pas de tags, Soyez le premier à ajouter un tag!

MARC

LEADER 00000nem a22000003a 4500
001 stu142586
005 20150408182407.8
008 070621s1983----cs------------------slo-d
040 |a STU  |b slo 
041 0 |a slo 
044 |a cs 
080 |a 912 
245 |a Atlas sveta 
250 |a 12. vyd. 
260 |a Bratislava :  |b Slovenská kartografia,  |c 1983 
300 |a 31 s 
996 |b 284V034930  |c V*25951/E-1186  |l VVT  |s A  |a 24  |w stu142586_0001